| 000 | 02271nam a2200373 i 4500 | ||
|---|---|---|---|
| 003 | peliumch | ||
| 005 | 20260316154402.0 | ||
| 007 | ta | ||
| 008 | 260316b |||||||| |||| 00| 0 eng d | ||
| 020 | _a9786073195201 | ||
| 040 |
_aUMCH _bspa _cUMCH _djmr _erda |
||
| 041 | 0 | _aspa | |
| 043 | _as-pe--- | ||
| 082 | 0 | 4 | _a863.5/B364 |
| 100 | 1 |
_aBazterrica, Agustina María _d1974- _eautora |
|
| 245 |
_aCadáver exquisito / _cAgustina Bazterrica. |
||
| 264 | 1 |
_aBogotá (Colombia) : _bAlfaguara, _c2017 |
|
| 264 | 4 | _c©2017 | |
| 300 |
_a249 páginas ; _bbyn, fot. byn., port. il. col., retr., tip. ; _c25 cm |
||
| 490 | _aNarrativa hispánica | ||
| 520 | _aLa súbita aparición de un virus letal que ataca a los animales modifica de manera irreversible el mundo: desde las fieras hasta las mascotas deben ser sistemáticamente sacrificadas, y su carne ya no puede ser consumida. Los gobiernos enfrentan la situación con una decisión drástica: legalizando la cría, reproducción, matanza y procesamiento de carne humana.<br/>El canibalismo es ley y la sociedad ha quedado dividida en dos grupos: los que comen y los que son comidos.<br/>Marcos Tejo, encargado general del frigorífico Krieg, es un oscuro burócrata. El día en que recibe como regalo una mujer criada para el consumo, las tentaciones lo transforman en una conciencia peligrosa de pliegues truculentos que lo llevará a transgredir las normas hasta límites que la sociedad ignora.<br/>En esta despiadada distopía —tan brutal como sutil, tan alegórica como realista—, Bazterrica inspira, con el poder explosivo de la ficción, debates de suma actualidad | ||
| 521 | _aRecomendado para un público en general. | ||
| 650 | 1 | 4 |
_aNovela de ciencia-ficción _ySiglo XXI |2 |
| 650 | 2 | 4 |
_aCanibalismo _vNovelas distópicas _xEn la literatura |
| 650 | 2 | 4 | _aNovela de suspenso |
| 650 | 2 | 4 |
_aBurocracia _vNovela |
| 653 | _aLiteratura | ||
| 856 |
_uhttps://www.digitaliapublishing.com/a/61887/la-literatura-argentina-y-el-cine _z<a href="Versión digital alternativa del recurso">Versión digital alternativa del recurso</a> |
||
| 942 |
_2ddc _cLIB _n0 |
||
| 999 |
_c53702 _d53702 |
||